000 00900nam a2200229Ia 4500
001 14995
003 GE_BSU
008 181216s||||||||xx |||||||||||||| ||und||
040 _cGE_BSU
080 _a517.91(075.8)+517.3+517.53/55(075.8)
100 _aБугров, Я.С., Никольский, С.М
245 _aДифференциальные уравнения. Кратные интегралы. Ряды. Функции комплексного переменного
245 _bУчебник для студ. инжинерно-технических спец. вузов
250 _a2-е изд. перераб.
260 _aМосква
260 _bНаука
260 _c1985
300 _a464стр.21см.
653 _aДифференциальные уравнения.
653 _aФункции комплексного переменного
942 _cBK
999 _c48114
_d48114